000 01115nam a22003017a 4500
001 000052562
003 DO-SdBNP
005 20180312104014.0
007 000052562
008 160505b 2014 dr a 00| 0 spa d
020 _a9789945119114
020 _a9789945119152
040 _aBPMSU
_bspa
_cBPMSU
092 _axxxxx
_bxxxxx
100 1 _aSosa, Olga
245 _aEntre amigos 2 :
_beducación inicial /
_cOlga Sosa ; dirección editorial Claudia Llibre ; ilustración Ruddy Núñez...[et al].
260 _aSanto Domingo :
_bSantillana,
_c2014.
300 _a295 p. :
_bil. ;
_c21 cm.
490 _a Proyecto todos juntos
500 _aIncluye guía didáctica y recursos didácticos para el profesorado
500 _aEste libro ha sido realizado de conformidad con el currículum vigente y ha sido sometido a la aprobación de la MINERD.
700 1 2 _aNúñez, Ruddy,
_eil.
700 1 2 _aLlibre, Claudia,
_edir. ed.
830 _p Proyecto todos juntos
942 _2ddc
_cBK
945 _aRemanejado para la Bib. BNPHU, 2018/ YL
956 _2LOPEREZ
_310
_620160505
_8BPMSU
_a00041
999 _c10004
_d10004